01314cam a2200289 a 45000010005000000030006000050050017000110080041000280200015000690350014000840400026000980410014001240820018001382450294001562500011004502600028004613000025004895000040005145040019005546500035005736500038006088300011006467100012006577400106006697400105007758300144008807072UkOxU20211208234348.0130114s1963 fr 001 0 eng d a9230027111 a(BD-RjUL) aBD-RjULbengcBD-RjUL0 aengfrespa a505bWOR 196800aWorld directory of national science and technology policy making bodies /cRépertoire mondial des organismes directeurs de la politique scientifique et technologique nationale = Repertorio mundial de organismos responsables de la política científica y tecnológica nacional / UNESCO a2nd ed aParis :bUnesco,cc1963 axix, 227 p. ;c30 cm aText in English, French and Spanish aIncludes index 0aScience and statexDirectories 0aTechnology and statexDirectories 0vno. 712 aUnesco.0 aRépertoire mondial des organisms directeurs de la politique scientifique et technologique nationale0 aRepertorio mundial de organismos responsables de la política científica y tecnológica nacional 0aScience policy studies and documents = Études et documents de politique scientifique = Estudios y documentos de política cientifíca ;